| 000 | 00780nam a22002297a 4500 | ||
|---|---|---|---|
| 005 | 20170124110028.0 | ||
| 010 | _aB-120649 | ||
| 020 |
_c225.00 _a9788121511209 |
||
| 035 | _aB-120649 | ||
| 037 | _bCen Lib/Ret | ||
| 040 |
_aDPL _bEN |
||
| 082 |
_a415 _bWHI |
||
| 100 |
_aWhitney, William Dwight _921034 |
||
| 245 |
_aSanskrit grammar : _cby William Dwight Whitney _bincluding both the classical language, and the older dialects, of Veda and Brahmana / |
||
| 260 |
_aNew Delhi _bMunshiram Manoharlal Publishers _c2004 |
||
| 270 |
_a54, Rani Jhansi Road _bNew Delhi _e110055 |
||
| 300 |
_a551p. _c21cm(pbk) |
||
| 500 | _aIncludes index | ||
| 650 |
_aSanskrit language _9105654 |
||
| 650 |
_aSanskrit language--Grammar _919810 |
||
| 942 |
_2ddc _cEN _h415 _mWHI |
||
| 999 |
_c127622 _d127622 |
||